00437nam a22001457a 4500003000400000005001700004008004100021040000600062082002100068100002400089245005400113260003800167300002500205650006100230OSt20240506082906.0240506b |||||||| |||| 00| 0 eng d cN a883.01 H766 1999 aRichmond, Lattimore aThe Odyssey of Homer /cHomer, Richmond Lattimore b Harper Perennial, New York, 1999 ax, 374 pages ; 21 cm zOdysseus, King of Ithaca (Mythological character) Poetry